| 000 | 00806nam a2200229 a 4500 | ||
|---|---|---|---|
| 001 | 54907 | ||
| 003 | BD-RjUL | ||
| 005 | 20211209080203.0 | ||
| 008 | 161112s1994 bg ||||| |||| 00| 0 ben d | ||
| 020 |
_a9844012174 _c: Tk 60.00 |
||
| 035 | _a(BD-RjUL)55029 | ||
| 040 |
_aBD-RjUL _bben _cBD-RjUL |
||
| 041 | _aben | ||
| 082 |
_223 _a954.9205 _bHAM 1994 |
||
| 100 |
_aহাবীব, হারুন _9163682 |
||
| 245 | 1 | 0 |
_aমুক্তিযুদ্ধের দুই যুগ / _cহারুন হাবীব |
| 260 |
_aঢাকা : _bআগামী প্রকাশনী, _c১৯৯৪ |
||
| 300 |
_a৯৫ পৃ. ; _c২১ সেমি. |
||
| 651 |
_aবাংলাদেশ _xইতিহাস _9163683 |
||
| 651 |
_aBangladesh _xHistory _9163684 |
||
| 942 |
_2ddc _cBK |
||
| 999 |
_c54907 _d54907 |
||